Statystyki dla Państwa na literę S

Kliknij tutaj aby rozwiązać quiz!

Ogólne statystyki

  • Ten quiz został rozwiązany 71 razy
  • Średni wynik to 12 z 19

Statystyki odpowiedzi

Odpowiedź% Poprawnych
19.Szwecja
89%
18.Szwajcaria
77%
9.Słowacja
76%
10.Słowenia
76%
14.Sudan
74%
11.Somalia
68%
5.Serbia
65%
8.Singapur
65%
4.Senegal
63%
6.Seszele
61%
13.Stany Zjednoczone
61%
1.Salwador
60%
3.San Marino
56%
12.Sri Lanka
56%
2.Samoa
55%
16.Syria
55%
15.Surinam
52%
7.Sierra Leone
29%
17.Suazi
23%

Rozkład punktacji

Percentyl według liczby udzielonych odpowiedzi

Procent ludzi z każdym wynikiem

Twoja historia wyników

Nie rozwiązałeś tego quizu